<?xml version="1.0" encoding="UTF-8"?>
<record
    xmlns:xsi="http://www.w3.org/2001/XMLSchema-instance"
    xsi:schemaLocation="http://www.loc.gov/MARC21/slim http://www.loc.gov/standards/marcxml/schema/MARC21slim.xsd"
    xmlns="http://www.loc.gov/MARC21/slim">

  <leader>00697nam a22001457a 4500</leader>
  <controlfield tag="008">140818b        xxu||||| |||| 00| 0 eng d</controlfield>
  <datafield tag="020" ind1=" " ind2=" ">
    <subfield code="a">0406090904</subfield>
  </datafield>
  <datafield tag="050" ind1=" " ind2=" ">
    <subfield code="a">KD276.3.L39(1877 vol.5)</subfield>
  </datafield>
  <datafield tag="245" ind1=" " ind2=" ">
    <subfield code="a">The Law Reports(1877 vol.5) Chancery division: Division E. Chancery. cases determined by the chancery Division of the High court of justice and by the Chief judge in bankruptcy and by the Court of appeal on appeal from the chancery division and the chief judge and in Lunacy. /</subfield>
    <subfield code="c">Edited by George Wirgman Hemming.</subfield>
  </datafield>
  <datafield tag="260" ind1=" " ind2=" ">
    <subfield code="a">London:</subfield>
    <subfield code="b">Butterworth &amp; co ltd,</subfield>
    <subfield code="c">1877.</subfield>
  </datafield>
  <datafield tag="300" ind1=" " ind2=" ">
    <subfield code="a">Xv,998p.:</subfield>
    <subfield code="c">24cm.</subfield>
  </datafield>
  <datafield tag="440" ind1=" " ind2=" ">
    <subfield code="p">Chancery Division.</subfield>
    <subfield code="v">Vol.5</subfield>
  </datafield>
  <datafield tag="800" ind1=" " ind2=" ">
    <subfield code="a">Hemming, George Wirgman.</subfield>
  </datafield>
  <datafield tag="942" ind1=" " ind2=" ">
    <subfield code="2">lcc</subfield>
    <subfield code="c">BK</subfield>
  </datafield>
  <datafield tag="999" ind1=" " ind2=" ">
    <subfield code="c">3436</subfield>
    <subfield code="d">10936</subfield>
  </datafield>
  <datafield tag="952" ind1=" " ind2=" ">
    <subfield code="0">0</subfield>
    <subfield code="1">0</subfield>
    <subfield code="2">lcc</subfield>
    <subfield code="4">0</subfield>
    <subfield code="7">0</subfield>
    <subfield code="a">WIUC-1</subfield>
    <subfield code="b">WIUC-1</subfield>
    <subfield code="c">LL</subfield>
    <subfield code="d">2014-08-18</subfield>
    <subfield code="l">0</subfield>
    <subfield code="o">KD276.3. L39(1877)</subfield>
    <subfield code="p">1631/618/14</subfield>
    <subfield code="r">2014-08-18 00:00:00</subfield>
    <subfield code="t">1</subfield>
    <subfield code="w">2014-08-18</subfield>
    <subfield code="y">BK</subfield>
  </datafield>
</record>
